| 000 | nam a22 a 4500 | ||
|---|---|---|---|
| 999 |
_c3979 _d3979 |
||
| 003 | AKMAL | ||
| 005 | 20170524142941.0 | ||
| 008 | 170524s2003 my | e | f000 0 may d | ||
| 082 | 0 | 4 |
_a782.25 KOL _222 |
| 090 | 0 | 0 |
_a782.25 _bKOL |
| 245 | 1 |
_aKoleksi lagu-lagu nasyid peringkat kebangsaan : _b(1991M/1411H -2002M/1423H) |
|
| 260 |
_aPutrajaya : _bJabatan Kemajuan Islam Malaysia, _c2003 |
||
| 300 |
_avii, 64ms. ; _c21cm |
||
| 650 | 1 | 0 |
_aSacred songs _xCompetitions _zMalaysia _97812 |
| 942 |
_2ddc _cBOOK |
||